[Event "FIDE Grand Prix-I Pool-A 2022"]
[Site "Berlin"]
[Date "2022.02.04"]
[Round "1.1"]
[White "Bacrot, Etienne"]
[Black "Nakamura, Hikaru"]
[Result "1/2-1/2"]
[WhiteElo "2642"]
[BlackElo "2736"]
[PlyCount "60"]
[EventDate "2022.02.04"]
[EventType "tourn"]
[EventCountry "GER"]
[SourceTitle "playchess.com"]
[Source "ChessBase"]
[SourceQuality "1"]

1. e4 e5 2. Nf3 Nc6 3. Bb5 Nf6 4. O-O Nxe4 5. Re1 Nd6 6. Nxe5 Be7 7. Bf1 Nf5 (
7... O-O 8. d4 Nf5 9. Nf3 {1/2-1/2 (33) Bucsa,I (2386)-Panov,S (2436) ICCF
email 2019}) 8. Nf3 d5 9. d4 O-O 10. Nc3 ({RR} 10. c3 Bd6 11. Bd3 Nce7 12. Nbd2
c6 13. Nf1 Ng6 14. Qc2 Nfh4 15. Nxh4 Qxh4 16. g3 Qd8 17. Ne3 Re8 18. Bd2 Nf8
19. Nf5 Bc7 20. Rxe8 Qxe8 21. Re1 Be6 22. Qc1 f6 23. Qd1 Qd7 24. Qf3 Re8 {
Carlsen,M (2826)-Anand,V (2800) Nanjing 2010}) 10... Nh4 11. Nxh4 Bxh4 12. Ne2
({RR} 12. Bb5 Ne7 13. Bd3 Bf6 14. Qh5 g6 15. Qf3 Bg7 16. Bg5 f6 17. Bd2 c6 18.
Ne2 Nf5 19. g3 Nh6 20. c4 Bg4 21. Qg2 dxc4 22. Bxc4+ Kh8 23. d5 Nf7 24. Nf4 Ne5
25. Be2 Bd7 26. Rad1 cxd5 {So,W (2754)-Nakamura,H (2754) Zagreb 2019 1-0 (55)})
12... Bf5 ({RR} 12... Re8 13. c3 Bf6 14. Bf4 Ne7 15. Ng3 g6 16. Qf3 Bg7 17. Be5
Be6 18. Qf4 c6 19. Bd3 Qd7 20. Bxg7 Kxg7 21. Qe5+ Kg8 22. Qg5 f6 23. Qxf6 Nc8
24. Re5 Qe7 25. Qf4 Qf7 26. Qg5 Nb6 27. Rae1 {Giri,A (2782)-Nakamura,H (2769)
Leuven 2018 1-0 (38)}) 13. Nf4 {Un nouveau coup, apparemment trouvé sur
l'échiquier puisqu'il est arrivé après 19 minutes de réflexion.} (13. c3
Qd7 (13... Re8 14. g3 Bf6 15. Be3 Ne7 16. Nf4 Nc8 17. Nh5 Be7 18. Qb3 Nb6 19.
a4 a5 20. Nf4 c6 21. Bd3 Bxd3 22. Nxd3 Nc4 23. Bf4 Qd7 24. Qc2 g5 25. Bd2 Qf5
26. Rad1 Bf6 27. Bc1 Nd6 28. Rxe8+ Rxe8 29. Re1 {1/2-1/2 (29) Grandelius,N 
(2691)-Sargissian,G (2681) Helsingor 2019}) 14. g3 Bd8 15. Nf4 Ne7 16. Nd3 b6
17. Ne5 Qc8 18. b3 f6 19. Nd3 Qd7 20. Ba3 Re8 21. Nf4 c6 22. Qe2 Bc7 23. Qxe7
Rxe7 24. Rxe7 Qc8 25. Nh5 Bg6 26. Rxg7+ Kh8 27. Re1 c5 28. Ree7 Bd6 29. Rb7 Qf5
30. Be2 Re8 31. Bg4 Qxg4 32. Rxh7+ Bxh7 33. Rxh7+ Kxh7 34. Nxf6+ Kg6 35. Nxg4
Re2 36. Kg2 Rxa2 37. Bc1 Rc2 {0-1 (37) Grandelius,N (2691)-Adams,M (2694)
Batumi GEO 2019}) 13... Qd7 14. c3 {Après 14.c3 nous retrouvons une partie
jouée par email.} Rae8 15. Be3 Nd8 16. Nd3 Be7 17. Qb3 $5 (17. Rc1 Bd6 18. Nc5
Qc8 19. Qf3 c6 20. Bf4 Bxf4 21. Qxf4 g6 22. h4 Ne6 23. Nxe6 Rxe6 24. Rxe6 Qxe6
25. Qc7 Qc8 26. Qxc8 Rxc8 27. f3 h5 28. a4 a5 29. Kf2 Kf8 30. Be2 Ke7 31. g4
hxg4 32. fxg4 Be4 33. Kg3 f5 {1/2-1/2 (33) Bucsa,I (2386)-Panov,S (2436) ICCF
email 2019}) 17... c6 18. Bf4 Ne6 19. Bg3 Qc8 20. Ne5 Bd8 21. Bd3 Bxd3 22. Nxd3
Bc7 23. Bxc7 Nxc7 24. a4 Rxe1+ 25. Rxe1 Re8 26. Qd1 Rxe1+ 27. Qxe1 Qf5 28. Qe3
a5 29. h3 h5 30. h4 Ne6 1/2-1/2

[Event "FIDE Grand Prix-I Pool-A 2022"]
[Site "Berlin"]
[Date "2022.02.04"]
[Round "1.1"]
[White "Esipenko, Andrey"]
[Black "Grischuk, Alexander"]
[Result "1/2-1/2"]
[WhiteElo "2714"]
[BlackElo "2764"]
[PlyCount "75"]
[EventDate "2022.02.04"]
[EventType "tourn"]
[EventCountry "GER"]
[SourceTitle "playchess.com"]
[Source "ChessBase"]
[SourceQuality "1"]

1. d4 Nf6 2. c4 e6 3. Nf3 d5 4. g3 Be7 5. Bg2 O-O 6. b3 dxc4 7. bxc4 c5 8. O-O
cxd4 9. Nxd4 a6 ({RR} 9... Qc7 10. Qb3 a6 11. Ba3 Bxa3 12. Nxa3 e5 13. Ndc2
Nbd7 14. Rab1 Nc5 15. Qb6 Qe7 16. Ne3 Be6 17. Nd5 Bxd5 18. cxd5 Rfd8 19. d6
Qxd6 20. Qxd6 Rxd6 21. Bxb7 Nxb7 22. Rxb7 Rd2 23. Rfb1 Kf8 24. Nc4 {McGowan,G 
(2415)-Sandipan,C (2600) Edmonton 2005 1/2-1/2 (46)}) ({RR} 9... Qb6 10. Be3
Rd8 11. Qb3 Bc5 12. Nc2 Nc6 13. Nc3 Bxe3 14. Nxe3 Qa5 15. Rfd1 Bd7 16. Nb5 Ne8
17. a4 a6 18. Nc3 Nf6 19. Qa3 Be8 20. Rab1 Rxd1+ 21. Rxd1 Rd8 22. Rb1 Nd4 23.
Qb4 Qxb4 24. Rxb4 {Yuffa,D (2567)-Beerdsen,T (2484) Castelldefels ESP 2021 1/
2-1/2 (58)}) 10. Ba3 Bxa3 {Fidèle à sa gestion du temps, Alexander Grischuk
vient de passer 48 minutes pour ce coup !} 11. Nxa3 Qc7 (11... Qe7 12. Qc1 e5
13. Nb3 Nc6 14. Nc2 Rd8 15. Ne3 e4 16. Qc2 Qe5 17. Rab1 Be6 18. Qb2 Qh5 19.
Rfe1 Ne5 20. Nd2 Neg4 21. Ndf1 b5 22. cxb5 axb5 23. a3 Ra5 24. Rec1 {1-0 (49)
Kozul,Z (2612)-Mejak,S (2253) Slovenia 2018}) 12. Qc1 Bd7 13. Rd1 Ba4 14. Rd2
Nbd7 15. Rb1 Nc5 16. Nb3 Rad8 17. Rxd8 Rxd8 18. Qe3 {0h30} Nxb3 {5'43" !!} 19.
axb3 Bc6 20. b4 h6 21. Bxc6 Qxc6 22. f3 b5 23. cxb5 axb5 24. Qc5 Qa6 $1 25. Ra1
Rc8 {0h16-0h01 !!} 26. Qd4 $5 (26. Qxb5 Qd6 27. Qd3 Qxb4 28. Rb1 Qc5+ 29. Kg2
$11) 26... Qa4 $1 27. Qb2 $5 Nd5 28. Qb1 $2 Nxb4 $6 (28... Nc3 $1 29. Qb2 Qa7+
30. Kg2 Qe3 31. Rc1 Rc7 32. Nxb5 Na4 33. Rxc7 Nxb2 $19) 29. Kg2 g6 30. Qb2 Nc2
$6 31. Nxc2 Rxc2 32. Qf6 Rxe2+ 33. Kh3 Ra2 34. Rc1 Rc2 35. Ra1 Ra2 36. Rc1 Rc2
37. Ra1 Ra2 38. Rc1 1/2-1/2

[Event "FIDE Grand Prix-I Pool-B 2022"]
[Site "Berlin"]
[Date "2022.02.04"]
[Round "1.1"]
[White "Wojtaszek, Radoslaw"]
[Black "Rapport, Richard"]
[Result "1-0"]
[WhiteElo "2686"]
[BlackElo "2763"]
[PlyCount "115"]
[EventDate "2022.02.04"]
[EventType "tourn"]
[EventCountry "GER"]
[SourceTitle "playchess.com"]
[Source "ChessBase"]
[SourceQuality "1"]

1. d4 e6 2. c4 Bb4+ 3. Bd2 a5 4. Nf3 Nf6 5. g3 d5 6. Bg2 dxc4 7. Qc2 c5 8. a3
Bxd2+ 9. Nbxd2 cxd4 10. Nxc4 O-O 11. Qd3 $146 ({RR} 11. Rd1 Nc6 12. O-O Rb8 13.
Rd2 Re8 14. Nfe5 Bd7 15. Rfd1 Qc7 16. Nxc6 Bxc6 17. Bxc6 Qxc6 18. Rxd4 b5 19.
Ne3 Qxc2 20. Nxc2 Nd5 21. Kg2 Rec8 22. R1d2 Nb6 23. Ne3 h5 24. Re4 g6 25. Re5
Nc4 26. Nxc4 Rxc4 27. Rd3 a4 28. b3 axb3 29. Rxb3 Ra4 30. Rexb5 Rxb5 {1/2-1/2 
(30) Vidit,S (2711)-Melkumyan,H (2660) Douglas 2018}) 11... Nc6 12. O-O Ra6 13.
Rfd1 b5 14. Nce5 Bb7 15. Nxc6 Bxc6 16. Qxd4 Qa8 17. Rac1 h6 18. Bf1 Bd5 19. Ne5
Qb8 20. f3 Rd6 21. Qc5 Ra6 22. Qc7 Bc4 23. Qxb8 Rxb8 24. e4 Rab6 25. Rd2 g5 26.
g4 Kg7 27. Bxc4 bxc4 28. Nxc4 Rb3 29. Kf2 a4 30. Rcc2 h5 31. h3 hxg4 32. hxg4
Rh8 33. Ne5 Rb5 34. Nd3 Rh2+ 35. Kf1 Rxd2 36. Rxd2 Nd7 37. Ke2 Kf6 38. Rc2 Rb8
39. Rc4 Ne5 40. Rb4 Rxb4 41. Nxb4 Nc4 42. Nd3 $6 (42. Nc6 $1 Nxb2 $6 (42... e5
43. Kd3 Nxb2+ 44. Kc3 Nd1+ 45. Kb4 $18) 43. e5+ Kg7 44. Na5 f6 45. Kd2 fxe5 46.
Kc2 $18) 42... Ke7 43. Kd1 Kd6 $6 44. Kc2 Kc6 45. Kc3 Kb5 46. Kd4 (46. b3 $1
axb3 (46... Nxa3 47. bxa4+ Kxa4 48. Ne5 f6 49. Nd7 $18) 47. a4+ $18) 46... f6
47. e5 f5 48. gxf5 exf5 49. e6 g4 50. e7 Nd6 51. Kd5 Ne8 52. f4 g3 53. Ne1 Ng7
54. Ng2 Kb6 55. Kd6 Kb5 56. Ne3 Kb6 57. Kd7 Kc5 58. e8=Q 1-0

[Event "FIDE Grand Prix-I Pool-B 2022"]
[Site "Berlin"]
[Date "2022.02.04"]
[Round "1.1"]
[White "Fedoseev, Vladimir"]
[Black "Oparin, Grigoriy"]
[Result "1-0"]
[WhiteElo "2704"]
[BlackElo "2681"]
[PlyCount "95"]
[EventDate "2022.02.04"]
[EventType "tourn"]
[EventCountry "GER"]
[SourceTitle "playchess.com"]
[Source "ChessBase"]
[SourceQuality "1"]

1. d4 Nf6 2. c4 e6 3. g3 d5 4. Bg2 Be7 5. Nf3 O-O 6. O-O dxc4 7. Qc2 b5 8. a4
Bb7 9. axb5 a6 10. Nc3 axb5 11. Rxa8 Bxa8 12. Nxb5 Bd5 13. Rd1 c5 $146 ({RR} 
13... Nc6 14. Bf4 Nb4 15. Qb1 c5 16. Be5 Ng4 17. Nc3 Nxe5 18. dxe5 Qc7 19. Nb5
Qc6 20. Nc3 Qc7 21. Nb5 Qb8 22. Na3 Rd8 23. e4 Bc6 24. Rxd8+ Qxd8 25. Nxc4 Nd3
26. Ne1 Nxe1 27. Qxe1 Qd4 28. b3 {Ghazarian,K (2379)-Wachinger,N (2360)
Marianske Lazne CZE 2022 1/2-1/2 (32)}) 14. dxc5 Qa5 15. Nfd4 Bxc5 16. Bxd5
exd5 17. b3 Rc8 18. bxc4 Bxd4 19. Nxd4 Rxc4 20. Qb1 Nbd7 21. Bb2 Qb4 22. Nf5 h5
23. Ne3 Re4 24. Qa1 h4 25. Bd4 h3 $6 26. f3 Re8 27. Kf2 Qe7 28. Qc3 Qe6 29. Rc1
Qe7 30. Rc2 Rb8 31. Qa1 Re8 32. Qc3 Qd6 33. Qd3 Qb4 34. Qd2 Qb1 35. Rc1 Qg6 36.
Qc2 Qh6 37. Qf5 Nf8 38. Rc2 N6d7 39. Qxd5 Qg6 40. Rc1 Qa6 41. Ra1 Qg6 42. Rd1
Qa6 43. Qf5 Qa4 44. Qg4 f6 45. Ra1 Qb5 46. Ra7 Ne6 47. Nf5 Ng5 48. Be3 1-0

[Event "FIDE Grand Prix-I Pool-C 2022"]
[Site "Berlin"]
[Date "2022.02.04"]
[Round "1.1"]
[White "Keymer, Vincent"]
[Black "Dubov, Daniil"]
[Result "1/2-1/2"]
[WhiteElo "2664"]
[BlackElo "2720"]
[PlyCount "169"]
[EventDate "2022.02.04"]
[EventType "tourn"]
[EventCountry "GER"]
[SourceTitle "playchess.com"]
[Source "ChessBase"]
[SourceQuality "1"]

1. d4 d5 2. c4 c6 3. Nf3 Nf6 4. e3 Bf5 5. Nc3 e6 6. Nh4 Bg6 7. Nxg6 hxg6 8. Bd2
Nbd7 9. Qb3 Qc7 10. cxd5 exd5 11. O-O-O a5 $146 12. Qc2 $5 (12. f3 a4 13. Qc2
a3 14. b3 Bb4 15. Kb1 Qb6 16. g4 O-O 17. h4 Rfe8 18. Rc1 Qa5 19. Bd3 Nf8 20. h5
g5 21. Bf5 Rad8 22. Qd3 {1-0 (55) Cheparinov,I (2687)-Grischuk,A (2728) Sochi
2008}) 12... Rxh2 13. Rxh2 Qxh2 14. a3 Be7 15. Kb1 Nb6 16. f3 Nc4 17. Bc1 b5
18. e4 b4 $5 19. Qa4 Rc8 20. axb4 Bxb4 21. Na2 Be7 22. Bxc4 dxc4 23. d5 $5 (23.
Rd2 $5 Qb8 24. Qxc4 $16) 23... Kf8 $5 (23... Qxg2 24. Qxc4 Qxf3 25. Nc3) 24.
Qxc4 Qc7 25. dxc6 Qxc6 26. Qxc6 Rxc6 27. Bd2 Ra6 28. Nc1 Ke8 29. Bc3 a4 30. Ka2
g5 31. Nd3 g4 32. Nb4 Bxb4 33. Bxb4 gxf3 34. gxf3 Nd7 35. f4 Rc6 36. Bc3 Nc5
37. Rd4 Ne6 38. Rxa4 Nxf4 39. Bxg7 f6 40. Bh6 Nd3 41. Rd4 Ra6+ 42. Kb1 Nxb2 43.
Kxb2 f5 44. Bd2 fxe4 45. Rxe4+ Kd7 46. Kb3 Ra1 47. Kc4 Ra6 48. Bb4 Re6 49. Rh4
Kc6 50. Bc5 Rg6 51. Bd4 Re6 52. Rh1 Rg6 53. Ra1 Rg2 54. Ra6+ Kd7 55. Kd5 Rd2
56. Ra7+ Kd8 57. Kc5 Ke8 58. Ra1 Kd7 59. Kd5 Rd3 60. Rg1 Rd2 61. Rh1 Kc7 62.
Rh7+ Kd8 63. Ke5 Kc8 64. Bc5 Rd7 65. Rh8+ Kc7 66. Bd4 Kc6 67. Rh6+ Kb5 68. Ke4
Re7+ 69. Kd3 Rb7 70. Re6 Rb8 71. Rd6 Rb7 72. Ke4 Rh7 73. Rb6+ Kc4 74. Rc6+ Kb5
75. Rc5+ Kb4 76. Rc8 Kb5 77. Be5 Rh4+ 78. Kd5 Rh5 79. Rb8+ Ka5 80. Kd4 Ka6 81.
Bc7 Rb5 82. Rg8 Kb7 83. Kc4 Rf5 84. Bg3 Kc6 85. Kd4 1/2-1/2

[Event "FIDE Grand Prix-I Pool-C 2022"]
[Site "Berlin"]
[Date "2022.02.04"]
[Round "1.1"]
[White "Aronian, Levon"]
[Black "Vidit, Santosh Gujrathi"]
[Result "1-0"]
[WhiteElo "2772"]
[BlackElo "2727"]
[PlyCount "127"]
[EventDate "2022.02.04"]
[EventType "tourn"]
[EventCountry "GER"]
[SourceTitle "playchess.com"]
[Source "ChessBase"]
[SourceQuality "1"]

1. d4 Nf6 2. c4 e6 3. Nc3 Bb4 4. e3 O-O 5. Bd3 d5 6. cxd5 exd5 7. a3 Bd6 8. Qc2
c6 9. Nge2 Re8 10. Bd2 b6 11. O-O Ba6 12. Kh1 c5 13. Rad1 g6 14. Qb1 Bb7 15.
Nf4 Nbd7 16. f3 Nf8 17. b4 cxd4 18. exd4 Bxf4 19. Bxf4 Nh5 20. Be5 f6 21. Bg3
Nxg3+ 22. hxg3 Qc7 23. Ne2 Re3 24. Qa2 Rae8 25. Qd2 Qd6 26. Rc1 R3e7 27. Bb5
Rc8 28. Rxc8 Bxc8 29. Qf4 Qxf4 30. Nxf4 Bb7 31. Kg1 Kf7 32. Kf2 Ne6 33. Rh1 h5
34. Bd3 Nxf4 35. gxf4 Rc7 36. f5 g5 37. Rxh5 Kg7 38. Rh1 Rc3 39. Ke2 Bc6 40.
Ra1 Bd7 41. Kd2 Rc8 42. b5 Rh8 43. g4 Rc8 44. a4 Kf8 45. a5 Ke7 46. axb6 axb6
47. Ra7 Rb8 48. Ke3 Kd6 49. f4 Re8+ 50. Kf3 gxf4 51. Kxf4 Bxb5 52. Bxb5 Re4+
53. Kf3 Rf4+ 54. Ke3 (54. Kxf4 $4) 54... Re4+ 55. Kf2 (55. Kd3 $6 Rxd4+ 56. Kc3
Rxg4) 55... Rf4+ 56. Ke1 Rxd4 57. Ra4 Rxa4 58. Bxa4 Ke5 59. Kd2 Kf4 60. Bd1 d4
61. Kd3 Ke5 62. Kc4 Ke4 63. Bc2+ Ke3 64. Bb1 1-0

[Event "FIDE Grand Prix-I Pool-D 2022"]
[Site "Berlin"]
[Date "2022.02.04"]
[Round "1.1"]
[White "So, Wesley"]
[Black "Dominguez Perez, Leinier"]
[Result "1/2-1/2"]
[WhiteElo "2772"]
[BlackElo "2752"]
[PlyCount "67"]
[EventDate "2022.02.04"]
[EventType "tourn"]
[EventCountry "GER"]
[SourceTitle "playchess.com"]
[Source "ChessBase"]
[SourceQuality "1"]

1. d4 d5 2. c4 dxc4 3. e4 b5 4. a4 c6 5. axb5 cxb5 6. Nc3 Qb6 7. b3 e6 8. bxc4
Bb4 9. Bd2 bxc4 10. Nf3 $146 ({RR} 10. Bxc4 Ne7 11. Nge2 O-O 12. O-O a5 13. Be3
Qc7 14. Bd3 Ba6 15. Rc1 Qb7 16. d5 exd5 17. exd5 Rd8 18. Be4 Bxc3 19. Rxc3 Nd7
20. Bg5 Re8 21. Qc2 Bxe2 22. Qxe2 Nxd5 23. Rd3 Qb5 24. Qf3 Ne5 {Martirosyan,H 
(2624)-Aronian,L (2782) Riga LAT 2021 1-0 (36)}) ({RR} 10. Bxc4 Ne7 11. Nge2
O-O 12. O-O a5 13. d5 Ba6 14. Ba2 exd5 15. Nxd5 Nxd5 16. Bxd5 Nc6 17. Be3 Qb5
18. Ng3 Rad8 19. Qg4 Rd6 20. Rfd1 Ne7 21. Nf5 Nxf5 22. Qxf5 Qd7 23. Qxd7 Rxd7
24. Bd2 Bb7 {Yuffa,D (2578)-Narayanan,S (2624) Biel SUI 2021 1/2-1/2 (31)})
10... Ne7 11. Bxc4 O-O 12. O-O a5 13. d5 (13. Na4 Qd6 14. e5 Qc7 15. Rc1 Nbc6
16. Ng5 h6 17. Ne4 Bxd2 18. Qxd2 Rd8 19. Nd6 Rxd6 20. exd6 Qxd6 21. Rfd1 Nb4
22. Nc5 Bd7 23. Ra1 Bc6 24. Nd3 Nxd3 25. Qxd3 a4 {1/2-1/2 (63) Theodorou,N 
(2566)-Hong,A (2453) Las Vegas USA 2021}) 13... Ba6 14. Na4 Qd8 15. Bxa6 Rxa6
16. dxe6 Rxe6 17. Bxb4 axb4 18. Qxd8 Rxd8 19. Nc5 Rc6 20. Rfc1 Rdc8 21. Nb3
Rxc1+ 22. Rxc1 Rxc1+ 23. Nxc1 f5 24. exf5 Nxf5 25. Kf1 Nc6 26. Ke2 Kf7 27. Kd3
Nd6 28. Ne2 Kf6 29. Ned4 Nxd4 30. Nxd4 Nf5 31. Nf3 Nd6 32. Nd4 Nf5 33. Nf3 Nd6
34. Nd4 1/2-1/2

[Event "FIDE Grand Prix-I Pool-D 2022"]
[Site "Berlin"]
[Date "2022.02.04"]
[Round "1.1"]
[White "Shirov, Alexei"]
[Black "Harikrishna, Pentala"]
[Result "1/2-1/2"]
[WhiteElo "2704"]
[BlackElo "2717"]
[PlyCount "61"]
[EventDate "2022.02.04"]
[EventType "tourn"]
[EventCountry "GER"]
[SourceTitle "playchess.com"]
[Source "ChessBase"]
[SourceQuality "1"]

1. e4 c6 2. d4 d5 3. e5 Bf5 4. Nf3 e6 5. Be2 c5 6. Be3 Qb6 7. Nc3 Nc6 8. O-O
Qxb2 9. Qe1 cxd4 10. Bxd4 Nxd4 11. Nxd4 Bb4 12. Rb1 Bxc3 13. Rxb2 Bxe1 14. Rxe1
b6 15. h4 h5 16. Nxf5 exf5 17. c4 Ne7 18. Rd2 O-O-O 19. f4 $146 ({RR} 19. Red1
d4 20. f4 Ng6 21. g3 Nf8 22. Rxd4 Rxd4 23. Rxd4 Ne6 24. Rd6 g6 25. Bf3 Rd8 26.
Rc6+ Kd7 27. Bd5 Rc8 28. Rxc8 Kxc8 29. Kf2 Kd7 30. c5 Ke7 31. cxb6 axb6 32. Ke3
Nc7 33. Kd4 Nb5+ {Navara,D (2699)-Duda,J (2756) Terme Catez SLO 2021 1/2-1/2 
(54)}) ({RR} 19. Rc1 d4 20. c5 Kb8 21. Bc4 Rhf8 22. cxb6 axb6 23. Rb2 Nc8 24.
a4 Rfe8 25. f4 Re7 26. a5 Rc7 27. axb6 Rc6 28. Rbc2 Rd7 29. Bd3 Rxc2 30. Rxc2
g6 31. Rc6 Kb7 32. e6 fxe6 33. Rxe6 Rd6 {Hasan,M (2154)-Sourath,B (2270) Dhaka
BAN 2021 1/2-1/2 (51)}) ({RR} 19. cxd5 Rxd5 20. Rxd5 Nxd5 21. Bc4 Rd8 22. Rc1
Kb7 23. Rd1 Kc6 24. a4 Kc5 25. Bb3 f4 26. Kf1 Rd7 27. Ke1 a5 28. Ba2 g6 29. Rd2
b5 30. axb5 Nb6 31. Re2 Kxb5 32. e6 fxe6 33. Rxe6 Na4 {Shirov,A (2704)
-Bluebaum,M (2642) Warsaw POL 2021 0-1 (46)}) 19... dxc4 20. Rxd8+ Rxd8 21.
Bxc4 Nd5 22. Rc1 Kb7 23. g3 Rd7 24. Rd1 Kc6 25. a4 Kc5 26. Bb3 a6 27. Kf2 Kc6
28. Rc1+ Kb7 29. Rd1 Kc6 30. Rc1+ Kb7 31. Rd1 1/2-1/2

[Event "FIDE Grand Prix-I Pool-A 2022"]
[Site "Berlin"]
[Date "2022.02.05"]
[Round "2.1"]
[White "Bacrot, Etienne"]
[Black "Grischuk, Alexander"]
[Result "1/2-1/2"]
[WhiteElo "2642"]
[BlackElo "2764"]
[PlyCount "69"]
[EventDate "2022.02.04"]
[EventType "tourn"]
[EventCountry "GER"]
[SourceTitle "playchess.com"]
[Source "ChessBase"]
[SourceQuality "1"]

1. e4 d6 2. d4 Nf6 3. Nc3 g6 4. Nf3 Bg7 5. Be2 O-O 6. O-O a6 7. a4 b6 8. Re1 e6
9. e5 dxe5 10. Nxe5 Bb7 11. Bf3 Qc8 12. Bg5 Nfd7 13. Bf4 (13. Bxb7 Qxb7 14. Ne4
f5 15. Nxd7 Nxd7 16. Nc3 Rfe8 17. Qd3 h6 18. Bf4 Kh7 19. Qc4 c5 20. dxc5 bxc5
21. Rad1 e5 $4 22. Qf7 exf4 23. Rxe8 Rxe8 24. Qxe8 Nf6 25. Qe6 f3 26. Nd5 Nxd5
27. Qxd5 Qxb2 28. Qb3 Qxb3 29. cxb3 fxg2 30. Rd7 h5 31. Ra7 {1-0 (31) Zhu,J 
(2177)-Tan,Z (2509) Yangzhou 2016}) (13. Be7 $5 Re8 14. Bh4 $5) 13... Rd8 $5
14. Ng4 $5 (14. Bxb7 $1 Qxb7 15. Ng4 Nc6 16. Nh6+ $18) 14... Rf8 $6 (14... Nc6
15. d5 Nd4 16. Nh6+ Bxh6 17. Bxh6 c5 18. dxc6 Nxf3+ 19. Qxf3 Qxc6) 15. d5 $1 h5
16. Ne5 Nxe5 17. Bxe5 f6 $5 18. d6 $5 (18. Bg3 $1 e5 19. Qd3 Qe8 20. Rad1 $16)
18... fxe5 19. d7 Nxd7 (19... Qxd7 20. Bxb7 Ra7 21. Be4 Qxd1 22. Raxd1 Kf7 $16)
20. Bxb7 Qxb7 21. Qxd7 Qc8 22. Qc6 Rf7 23. Rad1 Qe8 24. Qe4 $6 (24. Qc4 $1)
24... Rf4 $1 25. Qb7 $6 (25. Qe2 $5) 25... Rc4 $1 26. Qf3 Rd8 27. Rxd8 Qxd8 28.
Qe2 Rd4 29. Qxa6 Rd2 30. Qc4 $6 Qd4 31. Qxe6+ Kh7 32. Qf7 Qf4 33. Qxf4 exf4 34.
Rc1 Bxc3 35. bxc3 1/2-1/2

[Event "FIDE Grand Prix-I Pool-A 2022"]
[Site "Berlin"]
[Date "2022.02.05"]
[Round "2.2"]
[White "Nakamura, Hikaru"]
[Black "Esipenko, Andrey"]
[Result "1-0"]
[WhiteElo "2736"]
[BlackElo "2714"]
[PlyCount "91"]
[EventDate "2022.02.04"]
[EventType "tourn"]
[EventCountry "GER"]
[SourceTitle "playchess.com"]
[Source "ChessBase"]
[SourceQuality "1"]

1. c4 e5 2. Nc3 Nf6 3. Nf3 Nc6 4. g3 d5 5. cxd5 Nxd5 6. Bg2 Bc5 7. O-O O-O 8.
Qc2 $5 (8. Nxd5 Qxd5 9. d3 Bb6 10. b4 e4 11. Ng5 Qd4 12. Be3 Qxb4 13. Nxe4 Bg4
14. h3 Bh5 15. Rb1 Qe7 16. Qd2 Rad8 17. Nc3 f6 18. Nd5 Qd7 19. Rfc1 Bf7 20.
Bxb6 axb6 21. Nb4 Nd4 22. Nc2 Nc6 23. Nb4 Nd4 24. e3 Nf5 25. d4 c5 26. Nc2 cxd4
27. Nxd4 Nxd4 28. exd4 Qxd4 29. Qxd4 Rxd4 30. Rxb6 Bxa2 31. Rxb7 Rdd8 32. Ra7
Be6 33. Re7 Rfe8 34. Rxe8+ Rxe8 {1/2-1/2 (34) Nakamura,H (2792)-Karjakin,S  
(2773) Saint Louis 2017}) (8. d3 h6 9. Nxd5 Qxd5 10. a3 a5 11. Bd2 Qe6 12. Rc1
Qe7 13. Bc3 Nd4 14. e3 Nxf3+ 15. Qxf3 Bd6 16. Qh5 c6 17. f4 exf4 18. gxf4 Qxe3+
19. Kh1 Rd8 20. Rce1 Qc5 21. f5 Bf8 22. Be4 Rd5 23. Rf3 b5 24. Rg1 Ra7 25. Bf6
g6 26. Qh3 Rd6 27. Qh4 Rxf6 28. Qxf6 Be7 29. Qxc6 Qxc6 30. Bxc6 Kg7 31. fxg6
fxg6 32. d4 a4 33. d5 b4 34. Be8 Bg5 35. h4 Bxh4 36. Rxg6+ Kh7 37. Rc6 Bg4 38.
Rf4 Rg7 {1-0 (38) Carlsen,M (2845)-Giri,A (2797) Shamkir 2019}) 8... Nf6 9. a3
Nd4 10. Nxd4 exd4 11. b4 Bb6 12. Na4 Re8 13. Nxb6 axb6 14. e3 d3 $5 15. Qc3 Ne4
16. Qc4 Bf5 17. Bb2 Qd7 18. Bxe4 Bxe4 19. f3 Bc6 20. Rac1 Re7 21. Qf4 f6 22.
Rc4 Rd8 23. Rfc1 Qe6 $6 (23... b5 $5) 24. b5 $3 Bxb5 25. Re4 Qf7 26. Rxe7 Qxe7
27. Rxc7 Rd7 28. Rc8+ Rd8 29. Bxf6 $1 gxf6 30. Qg4+ Kf8 31. Rxd8+ Qxd8 32. Qb4+
Qe7 33. Qxb5 Qxa3 34. Kf2 Qc5 35. Qxd3 b5 36. Qc3 Qe7 37. Ke2 Kg7 38. Qd4 Qf7
39. Qg4+ Kh8 40. Qb4 Qe8 41. Qd6 Qf7 42. Qc5 Qe8 43. g4 Kg7 44. h4 Qd7 45. h5
Kg8 46. h6 1-0

[Event "FIDE Grand Prix-I Pool-B 2022"]
[Site "Berlin"]
[Date "2022.02.05"]
[Round "2.3"]
[White "Wojtaszek, Radoslaw"]
[Black "Oparin, Grigoriy"]
[Result "1/2-1/2"]
[WhiteElo "2686"]
[BlackElo "2681"]
[PlyCount "82"]
[EventDate "2022.02.04"]
[EventType "tourn"]
[EventCountry "GER"]
[SourceTitle "playchess.com"]
[Source "ChessBase"]
[SourceQuality "1"]

1. c4 Nf6 2. Nc3 c5 3. g3 e6 4. Nf3 d5 5. cxd5 exd5 6. d4 Nc6 7. Bg2 cxd4 8.
Nxd4 Bc5 9. Nb3 Bb6 10. Na4 O-O 11. Nxb6 axb6 12. Be3 h5 13. O-O h4 14. gxh4 (
14. a3 Re8 15. Rc1 h3 16. Bh1 Bg4 17. Re1 Rxe3 18. fxe3 Qe7 19. Qd2 Ne4 20.
Qxd5 Nc5 21. Nxc5 Qxe3+ 22. Kf1 Bxe2+ 23. Rxe2 Qxc1+ 24. Re1 Qxc5 25. Qxc5 bxc5
{1-0 (58) Keymer,V (2591)-Wagner,D (2572) INT 2021}) (14. Bg5 h3 15. Bh1 Re8
16. Re1 Bg4 17. a3 Qd6 18. Qd2 Qe5 19. f3 Be6 20. Rad1 d4 21. f4 Qb5 22. Nxd4
Nxd4 23. Qxd4 {1/2-1/2 (35) Mamedyarov,S (2765)-Dubov,D (2700) Riga 2019})
14... Bg4 15. f3 Bf5 16. Nd4 Bg6 17. Qd2 Re8 18. Rfe1 Nh5 19. Bf2 Qf6 20. Qg5
Nxd4 21. Qxf6 Nxe2+ 22. Rxe2 gxf6 23. Rxe8+ Rxe8 24. Bxb6 Re2 25. Bd4 Rc2 26.
Bf1 Nf4 27. Bxf6 Bd3 28. Bxd3 Nxd3 29. Rd1 Nf4 30. Kf1 Kh7 31. Be5 Ng2 32. Rd3
Nxh4 33. Rxd5 Nxf3 34. Bc3 Kg6 35. h3 f5 36. Rd3 Ng5 37. Rd6+ Kh5 38. Rf6 Ne4
39. Rxf5+ Kg6 40. Rb5 Nxc3 41. bxc3 Rxc3 1/2-1/2

[Event "FIDE Grand Prix-I Pool-B 2022"]
[Site "Berlin"]
[Date "2022.02.05"]
[Round "2.4"]
[White "Rapport, Richard"]
[Black "Fedoseev, Vladimir"]
[Result "1-0"]
[WhiteElo "2763"]
[BlackElo "2704"]
[PlyCount "103"]
[EventDate "2022.02.04"]
[EventType "tourn"]
[EventCountry "GER"]
[SourceTitle "playchess.com"]
[Source "ChessBase"]
[SourceQuality "1"]

1. d4 Nf6 2. c4 e6 3. Nc3 Bb4 4. Qc2 O-O 5. a3 Bxc3+ 6. Qxc3 b6 7. Bg5 Bb7 8.
Nh3 h6 9. Bh4 d6 10. f3 Nbd7 11. e4 c5 12. Nf2 Re8 13. dxc5 Nxc5 14. Bxf6 Qxf6
15. Qxf6 gxf6 16. b4 Nb3 17. Rd1 a5 18. Rxd6 axb4 19. axb4 Ra1+ 20. Rd1 Rea8
21. Be2 Nc1 22. Ng4 R8a2 23. Nxf6+ Kf8 24. Kf2 Rxe2+ 25. Kg3 Rc2 26. Kh4 Kg7
27. Nh5+ Kg6 28. Rd8 Ra8 29. Rhd1 Rxc4 30. Rxa8 Bxa8 31. Rd8 Bxe4 32. g4 Kh7
33. fxe4 e5 34. Nf6+ Kg6 35. Rd6 Ne2 36. Ng8+ Kg7 37. Nxh6 Rxe4 38. Nf5+ Kh7
39. Rh6+ Kg8 40. Rxb6 Nf4 41. Kg5 f6+ 42. Kh6 Re2 43. h4 Kf7 44. b5 Rb2 45. Rb8
Nd5 46. h5 e4 47. Nd6+ Ke7 48. Nxe4 Rb4 49. b6 $1 f5 (49... Rxe4 50. b7 Rb4 51.
Rh8 Rxb7 52. Rh7+) 50. gxf5 Rxe4 51. b7 Nf6 52. Rd8 1-0